000 00309nam a22001337a 4500
008 170803b xxu||||| |||| 00| 0 eng d
020 _a0672222353
041 _aeng
080 _a004
100 _a32
101 _aSHK
245 _aDATA COMMUNICATIONS, NETWORKS, AND SYTEMS
_cBARTEE,TH.C
942 _2udc
_cBK
999 _c22621
_d22621